000 00469nam a2200181Ia 4500
001 4526
005 20260306145802.0
008 260306t2014||||xx |||||||||||||| ||spa||
041 _aESP
082 _a324.2
_bM22
100 _aManrique Linares, Angel María
_eAUT
245 0 _aCátedra Arequipa:
_bsegunda sesión : "Partidos políticos y movimientos regionales"
260 _c2014
300 _a
_c
650 _aGEN
654 _aCDE
942 _cLIB
_dJUS
_fJUS
_2ddc
_n
999 _c4526
_d4526